[Event "Dortmund Sparkassen op-B"]
[Site "Dortmund"]
[Date "2012.07.22"]
[Round "9"]
[White "Pirner, Andreas"]
[Black "Finke, Lara"]
[Result "1/2-1/2"]
[WhiteElo "1554"]
[BlackElo "1411"]
[PlyCount "32"]
[EventDate "2012.07.14"]
[EventType "swiss"]
[EventRounds "9"]
[EventCountry "GER"]
[SourceTitle "EXT 2014"]
[Source "ChessBase"]
[SourceDate "2013.11.20"]
[SourceVersion "1"]
[SourceVersionDate "2013.11.20"]
[SourceQuality "1"]

1. c4 e5 2. Nc3 Nc6 3. g3 Nf6 4. Bg2 d6 5. e3 Be7 6. Nge2 0-0 7. 0-0 Bd7 8. d4 exd4 9. exd4 Qc8 10. Qc2 Rb8 11. Be3 b6 12. Rfe1 Nb4 13. Qb3 a5 14. a3 Nc6 15. Qc2 Re8 16. Rab1 Bf5 1/2-1/2

[Event "Dortmund Sparkassen op-B"]
[Site "Dortmund"]
[Date "2012.07.20"]
[Round "7"]
[White "Pirner, Andreas"]
[Black "Kasueschke, Lars"]
[Result "1/2-1/2"]
[WhiteElo "1554"]
[BlackElo "1385"]
[PlyCount "41"]
[EventDate "2012.07.14"]
[EventType "swiss"]
[EventRounds "9"]
[EventCountry "GER"]
[SourceTitle "EXT 2014"]
[Source "ChessBase"]
[SourceDate "2013.11.20"]
[SourceVersion "1"]
[SourceVersionDate "2013.11.20"]
[SourceQuality "1"]

1. e4 e6 2. d4 d5 3. exd5 exd5 4. Nf3 Bg4 5. Be2 Bd6 6. 0-0 Nf6 7. Bg5 Nbd7 8. Nbd2 0-0 9. c3 c6 10. Re1 Qc7 11. Kh1 Rfe8 12. h3 Bf5 13. Nh4 Be4 14. f3 Bg6 15. Nxg6 hxg6 16. Bh4 Nh5 17. g4 Bg3 18. Bxg3 Qxg3 19. Bf1 Nf4 20. Rc1 Nd3 21. Rxe8+ 1/2-1/2

[Event "Dortmund Sparkassen op-B"]
[Site "Dortmund"]
[Date "2012.07.16"]
[Round "3"]
[White "Pirner, Andreas"]
[Black "Guenther, Michael"]
[Result "1/2-1/2"]
[WhiteElo "1554"]
[BlackElo "1275"]
[PlyCount "56"]
[EventDate "2012.07.14"]
[EventType "swiss"]
[EventRounds "9"]
[EventCountry "GER"]
[SourceTitle "EXT 2014"]
[Source "ChessBase"]
[SourceDate "2013.11.20"]
[SourceVersion "1"]
[SourceVersionDate "2013.11.20"]
[SourceQuality "1"]

1. e4 c5 2. Nf3 Nc6 3. c3 d6 4. d4 cxd4 5. cxd4 Nf6 6. Nc3 e5 7. Bb5 Bd7 8. Bg5 a6 9. Bxc6 Bxc6 10. dxe5 dxe5 11. Nxe5 Qxd1+ 12. Rxd1 Nxe4 13. Nxc6 Nxg5 14. Nd4 Bb4 15. h4 Bxc3+ 16. bxc3 Ne4 17. Rc1 0-0 18. 0-0 Rfd8 19. Rfd1 Rac8 20. Rd3 h6 21. c4 b5 22. Nf5 Rxd3 23. Ne7+ Kf8 24. Nxc8 bxc4 25. Rxc4 Rc3 26. Rxe4 Rxc8 27. Ra4 Rc1+ 28. Kh2 Rc6 1/2-1/2

[Event "Dortmund Sparkassen op-B"]
[Site "Dortmund"]
[Date "2012.07.14"]
[Round "1"]
[White "Pirner, Andreas"]
[Black "Litfin, Boris"]
[Result "0-1"]
[WhiteElo "1554"]
[BlackElo "1811"]
[PlyCount "70"]
[EventDate "2012.07.14"]
[EventType "swiss"]
[EventRounds "9"]
[EventCountry "GER"]
[SourceTitle "EXT 2014"]
[Source "ChessBase"]
[SourceDate "2013.11.20"]
[SourceVersion "1"]
[SourceVersionDate "2013.11.20"]
[SourceQuality "1"]

1. e4 d6 2. d4 Nf6 3. Nc3 g6 4. Nf3 Bg7 5. Bg5 h6 6. Bh4 0-0 7. Bc4 Bg4 8. Qd3 Nc6 9. Ne2 Na5 10. Bb3 Nxb3 11. axb3 Nd7 12. h3 Bxf3 13. Qxf3 c5 14. e5 dxe5 15. Qxb7 cxd4 16. Rxa7 Rxa7 17. Qxa7 g5 18. Bg3 Qc8 19. Kd2 Qc6 20. Ra1 Rc8 21. c3 dxc3+ 22. bxc3 Nc5 23. Kc2 Qe4+ 24. Kd1 Nxb3 25. Qa4 Qd3+ 26. Ke1 Qd2+ 27. Kf1 Nxa1 28. Qxa1 Rd8 29. f3 Qc2 30. Kf2 e4 31. fxe4 Rd2 32. Qa6 Qxe4 33. Qc8+ Kh7 34. Qa6 Bxc3 35. h4 gxh4 0-1